Statistics for What Do They Sell?

Click here to take the quiz!

General Stats

  • This quiz has been taken 29 times
  • The average score is 7 of 16

Answer Stats

Answer% Correct
Technology
100%
Sportswear
93%
Optical and imaging products
90%
Food and drink
69%
Pharmaceuticals
62%
Tobacco
45%
Financial services
41%
Computer software
38%
Petroleum
34%
Zippers
24%
Luxury goods
17%
Professional services
17%
Chemicals
14%
Aircraft
7%
Electronics
7%
Advertising
3%

Score Distribution

Percentile by Number Answered

Percent of People with Each Score

Your Score History

You have not taken this quiz